000 00840nam a22001937a 4500
999 _c5183
_d5183
003 AR-CdUCM
008 190312b ||||| |||| 00| 0 spa d
040 _aMUNICIPALIDAD PROVINCIAL DEL CUSCO
_cBIBLIOTECA MUNICIPAL DEL CUSCO
082 _a192 /
_bH99
245 _aEnsayos políticos de David Hume /
_c Compilación e introducción por Charles W. Hendel
260 _aMexico :
_bHerrero Hermanos,
_c1965.
300 _a193 páginas ;
_c21 cm.
505 _aContenido: Sobre la libertad de prensa -- Que la política puede convertirse en ciencia -- Sobre los principios de gobierno -- Sobre el origen de la justicia y de la propiedad -- sobre el origen del gobierno -- Sobre el contrato original ...
650 _aPolítica
_9291
650 _aLibertad de Prensa
_98106
650 _aJusticia
_97448
942 _2ddc
_cLIBROS
945 _arac